000 00754nam a2200205 a 4500
008 100811s2009 ||||||||||||||||| || u
020 _a9781405111799
050 _aHD 1390 Dub
100 _aDubben, Nigel
245 1 0 _aPartnerships in urban property development
_cNigel Dubben; Brendan Williams
260 _aChichester, West Sussex
_bWiley-Blackwell
_c2009
300 _a[xv], 254p.: ill.
350 _a0.00
650 _aPARTNERSHIP
650 _aCITIES AND TOWNS--GROWTH
650 _aREAL ESTATE DEVELOPMENT
650 _aREAL PROPERTY
700 _aWilliams, Brendan
995 _D0.00
_FCBU-MAIN LIBRARY (Kitwe)
_H1
_I0.00
_M1
_UAVAILABLE
_WAug 19, 2010
_ZMain Library Open Access Collection
999 _c53167
_d53167